000 00571cam a22002052 4500
001 0000005517
005 20170406120758.0
008 150107s xx 000 0 eng d
020 _c$
040 _aYour Holding Symbol
_cYour Holding Symbol
100 1 _aLeclerco.JacQues.
245 1 4 _aThe christian and world intergration.
250 _a ed.
260 _aNew york :
_bHawthornn,
_c1963.
300 _a126 p. ;
_c cm.
504 _abibliography.
650 0 _achristian.
908 _a150107
999 _c5310
_d5310